| 000 | 00814nam a22002297a 4500 | ||
|---|---|---|---|
| 005 | 20150902121131.0 | ||
| 010 | _aENG-113447 | ||
| 020 |
_c525.00 _a9789350354711 |
||
| 035 | _aEN-96979 | ||
| 037 | _bDBAD/PUB | ||
| 082 | _a347.5414092 | ||
| 245 |
_aThe judicial world of a multi-splendoured genius Sir Asutosh Mookerjee/ _cedited by V. Sudhish Pai |
||
| 246 | _aSir Asutosh Mookerjee | ||
| 260 |
_aDelhi _bUniversal Law Publishing _c2014 |
||
| 270 |
_aA-58, G.T. Karnal Road Industrial Area, _bDelhi _e110033 |
||
| 300 |
_axvi,206p.,16 unnumbered pages of plates : _c25cm(Hb) _bill. |
||
| 600 |
_a Mookerjee, Asutosh _d 1864-1924. |
||
| 650 |
_a Judges _zIndia _v Biography. |
||
| 650 |
_a Judicial opinions _zIndia. |
||
| 700 | _aPai, V. Sudhish | ||
| 942 |
_2ddc _cEN _mJUD _h347.5414092 |
||
| 999 |
_c94854 _d94854 |
||